00577nam a2200193Ia 450000500170000000800410001702000140005804000190007204100120009108200170010310000190012024500620013926000320020130000140023350400500024765000360029765100400033385000100037320230517162539.0131103s9999 xx 000 0 und d a713156848 aLoreto College aEnglish a330.942bTHO aThompson,Allan 4aThe dynamics of the industrial revolutioncAllan Thompson aLondonbEdward Arnoldc1973 ax,174 p.  aIncludes bibliographical references and index aEconomics - Economics Geography aGreat Britain - Economic Conditions aLCLIB